Comida no... biomasa: cambios agronómicos, ambientales y económicos en la agricultura argentina y sudamericana /
Guardat en:
| Autor principal: | |
|---|---|
| Format: | Llibre |
| Idioma: | Spanish |
| Etiquetes: |
Afegir etiqueta
Sense etiquetes, Sigues el primer a etiquetar aquest registre!
|
MARC
| LEADER | 00000nam a22000007a 4500 | ||
|---|---|---|---|
| 003 | cru CIDCACS/IIS | ||
| 005 | 20200925161306.0 | ||
| 007 | ta | ||
| 008 | 170324e2016 ag ||||| |||| 00| 0 spa d | ||
| 040 | |c CRAI/IIS |a CRAI/IIS | ||
| 090 | |a REV0712 (262) 2016 | ||
| 100 | 1 | |a Pengue, Walter A. |9 3728 | |
| 245 | 1 | |a Comida no... biomasa: |b cambios agronómicos, ambientales y económicos en la agricultura argentina y sudamericana / |c Walter A. Pengue | |
| 300 | |a páginas 83-96: |b gráficos | ||
| 773 | 0 | |0 19022 |9 513 |a Fundación Friedrich Ebert |d Fundación Friedrich Ebert; Nueva Sociedad |o R19032 |t Nueva Sociedad / | |
| 942 | |2 ddc |c PP | ||
| 999 | |c 19061 |d 19061 | ||
